Debate manual and handbook on natural resource taxation ... /

Bibliographic Details
Main Author: Capp, Glenn Richard
Corporate Author: Baylor University. Debaters Research Bureau
Format: Book
Language:English
Published: Waco, Texas : Debaters research bureau, [1940]
Subjects:

MARC

Tag First Indicator Second Indicator Subfields
LEADER 00000cam a2200000 4500
001 in00000022370
005 20151007063951.0
008 800703s1940 txu 00010 eng d
035 |a (OCoLC)06484620 
035 |9 AAD8722AM 
040 |a TXA  |c TXA  |d UtOrBLW 
049 |a TXAM  |c [94097] 
090 |a PN4181  |b .C166 1940 
092 |a 808.5  |b C247d 
100 1 |a Capp, Glenn Richard. 
245 1 0 |a Debate manual and handbook on natural resource taxation ... /  |c by Glenn R. Capp ... 
264 1 |a Waco, Texas :  |b Debaters research bureau,  |c [1940] 
264 4 |c [©1940] 
300 |a 150 pages 
336 |a text  |b txt  |2 rdacontent 
337 |a unmediated  |b n  |2 rdamedia 
338 |a volume  |b nc  |2 rdacarrier 
650 0 |a Debates and debating. 
710 1 |a Baylor University.  |b Debaters Research Bureau. 
999 |a MARS 
999 f f |s e14652ab-feac-305a-b715-a218bf75f29a  |i c4808edf-7e28-38e9-b5a4-27dea2309897  |t 0 
952 f f |p ric  |a Texas A&M University  |b Rellis Campus  |c Joint Library Facility  |d Remote Storage  |t 0  |e PN4181 .C166 1940  |h Library of Congress classification  |i unmediated -- volume  |m A14801199809 
998 f f |a PN4181 .C166 1940  |t 0  |l Remote Storage